| 000 | 00483nam a2200193Ia 4500 | ||
|---|---|---|---|
| 008 | 170918s9999 xx 000 0 und d | ||
| 020 | _a590617303 | ||
| 050 | _bL847 1992 | ||
| 100 | _aLondon, Jonathan | ||
| 245 | _aFroggy gets dressed / | ||
| 245 | _cJonathan London ; illustrated by Frank Remkiewicz. | ||
| 260 | _aNew York : | ||
| 260 | _bScholastic, | ||
| 260 | _c1992 | ||
| 300 | _aunpaged : | ||
| 300 | _bcolored illustration ; | ||
| 300 | _c20cm. | ||
| 500 | _a300 | ||
| 999 |
_c342470 _d342470 |
||